000 00642nam a2200205 i 4500
001 86029
003 ES-MaACL
005 20240131063030.0
007 t|
008 041207s1945 ag ||||1| spa d
100 1 _aKennedy, Margaret,
_d1896-1967
_967845
245 1 3 _aEl tonto de la familia /
_cMargaret Kennedy ; traducción de Pedro Ibarzábal.
260 _aBuenos Aires :
_bEditorial Sudamericana,
_c[1945] (
_fJ. Hays Bell)
300 _a384 p. ;
_c19 cm.
490 1 _aHorizonte
700 1 _aIbarzábal, Pedro.
_964984
830 0 _aHorizonte
_9180916
852 _aES-MaACL
_jD-5797
_bR.29625
999 _c86029
_d86029